000 01266cai a22001935a 4500
001 E149848
008 100505u xxk g 000 0 eng d
035 _a(Sirsi) u149848
041 0 _aeng
110 2 _aRoyal Commission on the Ancient and Historical Monuments of Scotland
_95593
245 0 0 _aScotlandsPlaces
_h[electronic resource]
520 _aWebsite which brings together information on places in Scotland, past and present. Includes digital copies of maps and plans of cities, towns, villages, farms, roads, canals, harbours, churches, schools, public buildings, private houses, mines and quarries; photographs of the built environment from the collections of The Royal Commission on the Ancient and Historical Monuments of Scotland; archaeological reports on historic and prehistoric sites; manuscript records and printed books, including tax rolls, owners of land and heritages, and the annual reports of county Medical Officers of Health.
590 _aKA
710 2 _aNational Archives of Scotland
_95844
710 2 _aUniversity of Edinburgh
_bSchool of GeoSciences
_95845
710 2 _aScotland
_bScottish Government
_95344
856 4 0 _uhttps://www.scotlandsplaces.gov.uk/
_zView the website free of charge at www.scotlandsplaces.gov.uk
942 _n0
999 _c120857
_d120857